000 00316nam a22001337a 4500
008 170622b xxu||||| |||| 00| 0 eng d
020 _a9780205650545
041 _aeng
080 _a328
100 _a21
101 _aSHP
245 _aUNDERSTANDING AMERICAN POLITICS AND GOVERNMENT
_cCOLEMAN,J
942 _2udc
_cBK
999 _c18699
_d18699